| 000 | 00935nam a22002297a 4500 | ||
|---|---|---|---|
| 003 | OSt | ||
| 005 | 20250820101103.0 | ||
| 008 | 240924b ||||| |||| 00| 0 eng d | ||
| 040 | _c0 | ||
| 082 | _aDPer 371.206005 J826 Summer-Fall 2022 v. 48 n. 1-2 | ||
| 100 |
_aSutton, Lenford C. _eauthor. _961632 |
||
| 245 |
_aFree exercise takes center stage : _bthe right to court and the right to religion / _cLenford C. Sutton, Alisa Bhattacharya, and Mary Ann Schloz. |
||
| 260 |
_aIllinois ; _bUniversity of Illinois Press , _cFall 2022. |
||
| 300 |
_avolume 115, pages 187-210 : _billustration ; _c26 cm. |
||
| 500 | _aJournal of Education Finance, vol. 48, no. 2, pages 187-210, Fall 2022. | ||
| 650 | 0 |
_aReligiousness. _922128 |
|
| 650 | 0 |
_aRight to court. _964891 |
|
| 700 |
_aSutton, Lenford C. _eauthor. _961632 |
||
| 700 |
_aBhattacharya, Alisa. _eauthor. _961633 |
||
| 700 |
_aSchloz, Mary Ann. _eauthor. _961634 |
||
| 942 |
_2ddc _cPER |
||
| 999 |
_c21849 _d21849 |
||